RICS clarification to members on Foxtons case (Record no. 81711)
[ view plain ]
| 000 -LEADER | |
|---|---|
| fixed length control field | 01198cad a22002175a 4500 |
| 001 - CONTROL NUMBER | |
| control field | E148061 |
| 008 - FIXED-LENGTH DATA ELEMENTS--GENERAL INFORMATION | |
| fixed length control field | 090720e20090715xxk 000 0 eng d |
| 035 ## - SYSTEM CONTROL NUMBER | |
| System control number | (Sirsi) u148061 |
| 041 0# - LANGUAGE CODE | |
| Language code of text/sound track or separate title | eng |
| 110 2# - MAIN ENTRY--CORPORATE NAME | |
| Corporate name or jurisdiction name as entry element | Royal Institution of Chartered Surveyors |
| 9 (RLIN) | 4900 |
| 245 00 - TITLE STATEMENT | |
| Title | RICS clarification to members on Foxtons case |
| Medium | [electronic resource] |
| 260 ## - PUBLICATION, DISTRIBUTION, ETC. | |
| Date of publication, distribution, etc. | 2009 |
| 490 ## - SERIES STATEMENT | |
| Series statement | RICS Feature |
| Volume/sequential designation | 15 July 2009 |
| 520 ## - SUMMARY, ETC. | |
| Summary, etc. | Discusses the High Court ruling in the so called "Foxtons case" (see L147997, The Office of Fair Trading v Foxtons Limited), a decision which is of importance to all RICS members and others involved with the letting of residential property. The case clarifies the position with regard to renewal fees charged by letting agents in that they are not illegal per se, however they must be covered in the contract in an open and transparent way. |
| 590 ## - LOCAL NOTE (RLIN) | |
| Local note | KA |
| 650 24 - SUBJECT ADDED ENTRY--TOPICAL TERM | |
| Topical term or geographic name entry element | THE OFFICE OF FAIR TRADING V FOXTONS LIMITED |
| 651 #4 - SUBJECT ADDED ENTRY--GEOGRAPHIC NAME | |
| Geographic name | England and Wales |
| Chronological subdivision | 1543- |
| 690 ## - LOCAL SUBJECT ADDED ENTRY--TOPICAL TERM (OCLC, RLIN) | |
| Topical term or geographic name as entry element | PROPERTY-RESIDENTIAL PROPERTY-RESIDENTIAL LANDLORD AND TENANT |
| 856 40 - ELECTRONIC LOCATION AND ACCESS | |
| Uniform Resource Identifier | <a href="https://www.rics.org/RICSWEB/getpage.aspx?p=KLO0ULEWxUmQ1LBCEnYyMg">https://www.rics.org/RICSWEB/getpage.aspx?p=KLO0ULEWxUmQ1LBCEnYyMg</a> |
| Public note | View the item free of charge at www.rics.org... |
| 942 ## - ADDED ENTRY ELEMENTS (KOHA) | |
| Suppress in OPAC | 0 |
| Withdrawn status | Lost status | Source of classification or shelving scheme | Damaged status | Not for loan | Home library | Current library | Shelving location | Date acquired | Total Checkouts | Full call number | Barcode | Date last seen | Copy number | Price effective from | Koha item type |
|---|---|---|---|---|---|---|---|---|---|---|---|---|---|---|---|
| Dewey Decimal Classification | Virtual | Virtual | Online | 20/07/2009 | ONLINE PUBLICATION | 148061-2001 | 06/08/2019 | 1 | 06/08/2019 | Journal article |